| 000 | 01008nmm a2200301 a 4500 | ||
|---|---|---|---|
| 001 | ocm000551611 | ||
| 003 | TR-IsHL | ||
| 005 | 20201028123149.0 | ||
| 008 | 110704s2008 tu tur | ||
| 007 | cr cn | ||
| 020 | _a9789757800071 | ||
| 035 |
_a551611 _b(N$T) |
||
| 050 | 0 | 4 |
_aBM525.K33 _bE64 2008 |
| 090 | 0 | 4 |
_aBM525.K33 _bE64 2008 |
| 100 | 1 | _aEpstein, Perle | |
| 245 | 1 | 0 |
_aKabala: musevi mistiklerinin yolu _h[electronic resource] / _cPerle Epstein ; çev. Nusret Karayazgan, Şiyma Barkın |
| 250 | _a5. bs. | ||
| 260 |
_aİstanbul : _bDharma Yayıncılık, _c2008 |
||
| 300 | _a224 p. | ||
| 650 | 4 | _aFelsefe, Psikoloji ve Din | |
| 650 | 4 | _aPhilosophy, Psychology and Religion | |
| 650 | 0 |
_aMusevilik _x Kabala |
|
| 650 | 0 |
_aJudaism _x Kabbalah |
|
| 650 | 7 |
_aRELIGION / Judaism / Kabbalah & Mysticism _2bisacsh |
|
| 700 | 1 | _aKarayazgan, Nusret | |
| 700 | 1 | _aBarkın, Şiyma | |
| 856 | 4 | 0 | _uhttp://search.ebscohost.com/login.aspx?direct=true&scope=site&db=e011xww&AN=551611 |
| 999 |
_c2256 _d2256 |
||